| 000 | 00692nam a2200253Ia 4500 | ||
|---|---|---|---|
| 003 | OSt | ||
| 005 | 20221007103722.0 | ||
| 006 | a|||||r|||| 00| 0 | ||
| 007 | ta | ||
| 008 | 221006b |||||||| |||| 00| 0 eng d | ||
| 024 | _a13,835 | ||
| 037 | _cTextual | ||
| 040 |
_aLCO _cLCO _beng |
||
| 041 |
_2eng _aeng |
||
| 082 | _aZ251,21,3qN69:g, M3 | ||
| 100 |
_aVerma Rajender Singh _9705495 |
||
| 245 | 0 | _aDelhi Rent Digest (1969-1985) | |
| 250 | _a1st | ||
| 260 |
_aDelhi _bVerma Publicatons India _c1983 |
||
| 300 | _a658+ | ||
| 650 |
_aDELHI RENT DIGEST _9705496 |
||
| 942 |
_hZ251,21,3qN69:g, M3 _cTEXL |
||
| 999 |
_c1183398 _d1183398 |
||